000 00355nam a2200157Ia 4500
003 Ost
005 20260225132541.0
008 260225s9999||||xx |||||||||||||| ||und||
040 _cfsic
041 _afre
082 _a351.1
100 _amichel refait
_eAuteur
245 0 _ale secteur public en france /
245 0 _cmichel refait
942 _cكتاب
999 _c33511
_d33511